Sharing Mobility Specifics in Context of Slovak Market

Koncept zdieľanej mobility. Charakteristika spôsobov zdieľanej mobility a ich prevádzkovanie na Slovensku a vo svete. Módy zdieľanej mobility - bikesharing, carsharing, ridesharing, on-demand transport services a mikromobilita.

Gespeichert in:
Bibliographische Detailangaben
1. Verfasser: Hojdik, Vladimír, 1992-
Weitere Verfasser: Baloghová, Nikoleta, 1991-
Format: Buchkapitel
Sprache:Englisch
Schlagworte:
Tags: Tag hinzufügen
Keine Tags, Fügen Sie das erste Tag hinzu!

MARC

LEADER 00000naa$a2200000$$$4500
001 0281021
005 20240502083901.6
041 0 |a eng 
044 |a CZ 
245 1 0 |a Sharing Mobility Specifics in Context of Slovak Market  |c Vladimír Hojdik, Nikoleta Baloghová 
520 |a Koncept zdieľanej mobility. Charakteristika spôsobov zdieľanej mobility a ich prevádzkovanie na Slovensku a vo svete. Módy zdieľanej mobility - bikesharing, carsharing, ridesharing, on-demand transport services a mikromobilita. 
610 2 0 |a bicykle 
610 2 0 |a ekonomika zdieľaná 
610 2 0 |a Slovensko 
100 1 |a Hojdik, Vladimír, 1992- 
700 1 |a Baloghová, Nikoleta, 1991-